Detalles MARC
| 000 -LIDER |
| fixed length control field |
00787nam a22002297a 4500 |
| 001 - NÚMERO DE CONTROL |
| Identificador de número de control |
0005860 |
| 003 - IDENTIFICACDOR DE NÚMERO DE CONTROL |
| control field |
DO-SdBNP |
| 005 - DATE AND TIME OF LATEST TRANSACTION |
| control field |
20171212121936.0 |
| 007 - CAMPOS FIJOS DE DESCRIPCIÓN FÍSICA |
| fixed length control field |
0005860 |
| 008 - ELEMENTOS DE LONGITUD FIJA |
| fixed length control field |
160616b 1998 mx a xxu||||| |||| 00| 0 spa d |
| 020 ## - ISBN |
| International Standard Book Number |
9701700325 |
| 040 ## - FUENTE DE CATALOGACIÓN |
| Agencia que crea de manera original el registro |
BPMSU |
| Idioma de catalogación |
spa |
| Agencia que realiza la transcripción |
BPMSU |
| 092 ## - LOCALLY ASSIGNED DEWEY DECIMAL CALL NUMBER |
| Número de clasificación |
xxxxxx |
| Número de ítem (Cutter) |
xxxxxx |
| 245 00 - MENCIÓN DE TITULO |
| Título |
Adobe PageMaker 6.5 : |
| Subtítulo |
curso completo en un libro / |
| Mención de responsabilidad |
traducción ; Manuel F. Mejías Butrón. |
| 260 ## - PUBLICACIÓN, DISTRIBUCIÓN, ETC. (PIE DE IMPRENTA) |
| Lugar de publicación, distribución, etc |
México : |
| Nombre del editor, distribuidor, etc. |
Prentice Hall Hispanoamericana, |
| Fecha de publicación, distribución, etc |
1998. |
| 300 ## - DESCRIPCIÓN FÍSICA |
| Extensión |
viii, 318 p. : |
| Otros detalles físicos |
il. ; |
| Dimensiones |
23 cm. + |
| Material complementario |
CD ROM 4 |
| 500 ## - NOTA GENERAL |
| Nota general |
Traducción : Adobe PageMaker 6.5 classroom in a book.<br/> |
| 700 12 - ASIENTO SECUNDARIO -- NOMBRE PERSONAL |
| Nombre personal |
Mejías Butrón, Manuel F., |
| Mención de responsabilidad |
tr. |
| 942 ## - ADDED ENTRY ELEMENTS (KOHA) |
| Source of classification or shelving scheme |
Dewey Decimal Classification |
| Koha item type |
Libros |
| 945 ## - INFORMACIÓN DE PROCESAMIENTO LOCAL |
| Información de procesamiento local |
inventariado extranjero / DG |
| 956 ## - LOCAL ELECTRONIC LOCATION AND ACCESS (OCLC) |
| Método de acceso |
LOPEREZ |
| Materiales especificados |
10 |
| Enlace |
20160616 |
| Campo enlazado y núm. de secuencia |
BPMSU |
| Nombre de host |
00041 |